| 000 | 00352nam a2200121Ia 4500 | ||
|---|---|---|---|
| 008 | 200611s9999 xx 000 0 und d | ||
| 020 | _a978-1-84920-024-0 | ||
| 100 | _aGill, Roger | ||
| 245 |
_cRoger Gill.-- _aTheory and practice of leadership / |
||
| 260 |
_aUK : _bSAGE Publication Ltd. _c2011 |
||
| 300 | _axix, 377 pages | ||
| 500 | _aIncludes index. | ||
| 999 |
_c363484 _d363484 |
||